000 00787nam a2200229Ia 4500
003 GCL
008 140319s9999 xx 000 0 ara d
040 _aGCL /
_cGCL
082 0 4 _a940.1
_bس ت
100 1 _aسعيد عبدالفتاح عاشور
245 1 0 _aتاريخ العلاقات بين الشرق والغرب فى العصور الوسطى /
_cسعيد عبدالفتاح عاشور
260 _a[S.N] :
_bدار النهضة العربية ،
_c1976
300 _a368 ص
490 _a
650 0 4 _aتاريخ
650 0 4 _aالحروب الصليبية
650 0 4 _aالحضارة الاوربية
650 0 4 _aالحروب الصليبية فى فلسطين والشام
650 0 4 _aالعصور الوسطى
650 0 4 _aاوربا
942 _2ddc
_cBK
999 _c37038
_d37038